Tratado de derecho penal

Saved in:
Bibliografiske detaljer
Hovedforfatter: Jiménez de Asúa, Luis (Author)
Format: Bog
Sprog:spansk
Udgivet: Buenos Aires Losada 1952
Fag:
Tags: Tilføj Tag
Ingen Tags, Vær først til at tagge denne postø!

MARC

LEADER 00000nam a2200000 a 4500
001 UCY6728
003 CL-VaPUC
005 20250425110444.0
008 950602e19520000AG |||||||||||||||||spa|d
999 |c 234248  |d 234246 
040 |c Pontificia Universidad Católica de Valparaíso 
082 0 4 |a 345  |b JIM  |2 21 
100 |a Jiménez de Asúa, Luis  |e author  |9 383442 
245 1 0 |a Tratado de derecho penal 
260 |a Buenos Aires  |b Losada  |c 1952 
300 |a v 4 
500 |a v.4: El delito, segunda parte: las causas de justificación 
583 |a last modification  |c 20120620 08:34:08  |k Rodrigo Vera 
650 7 |a DERECHO PENAL  |2 CL-VaPUC  |9 11 
650 0 |a Historia  |9 255047 
650 0 |a Derecho comparado  |9 255664 
942 |c BK  |2 ddc  |n 0 
945 |d 19950602 00:00:00  |a aalvarez 
952 |0 0  |1 0  |4 0  |6 345_000000000000000_JIM_1952  |7 0  |8 A  |9 240329  |a BIBDER  |b BIBDER  |d 2019-11-18  |h v.4  |i 2001152  |o 345 JIM 1952  |p 2001152  |r 2019-11-18  |w 2019-11-18  |y BK  |k DER